00733nam a2200277Ia 450000500170000000800460001702000180006303700100008104000080009104000080009904000080010704100080011504100080012308400080013110000280013924500210016724500470018826000230023526000090025836500050026736500080027285600530028094200100033399900210034395200910036420260324114519.0008 260324s9999 xx 000 0 eng d a9781003266556 aEBOOK aCRL beng cCRL 2eng aeng qCRL aNatasha Bowman91151080 4aThe Power of One 0bLeading with Civility, Candor, and Courage bTaylor and Francis c2022 a b220 uhttp://www.taylorfrancis.com/books/9781003266556 cEBOOK c1741299d1741299 00104070aCRLbCRLd2026-03-24l0pCL2023514r2026-03-24 11:45:19w2026-03-24yEBOOK